| 000 | 01660nam a2200325 a 4500 | ||
|---|---|---|---|
| 001 | 43344 | ||
| 003 | BD-RjUL | ||
| 005 | 20211209053703.0 | ||
| 008 | 190411s1950 vaua 00000ceng c | ||
| 035 | _a(BD-RjUL)43462 | ||
| 040 |
_aANL _beng _dANL _cBD-RjUL _eBD-RjUL |
||
| 041 | _aeng | ||
| 042 | _apcc | ||
| 043 | _an-us--- | ||
| 082 |
_223 _a328.730922 _bUNB 1950 |
||
| 110 |
_aUnited States. _bCongress. _bJoint Committee on Printing. _9230492 |
||
| 245 | 1 | 0 |
_aBiographical directory of the American Congress, 1774-1949 : _bthe Continental Congress, September 5, 1774, to October 21, 1788, and the Congress of the United States, from the First to the Eightieth Congress, March 4, 1789, to January 3, 1949, Inclusive / _cUnited States. Congress. Joint Committee on Printing ; James L. Harrison, Compiler ; Paul C. Beach, Assistant Compiller |
| 260 |
_aWashington, D. C. : _bU. S. Government Printing Office, _c1950 |
||
| 300 |
_axii, 2057 p. : _bIll.. ; _c29 cm. |
||
| 490 |
_aEighty-first Congress, Second Session - - - House Document ; _vNo. 607 |
||
| 610 | 1 | 0 |
_aUnited States. _bContinental Congress _9230502 |
| 610 | 1 | 0 |
_aUnited States. _bCongress _9230503 |
| 650 | 0 |
_aLegislators _zUnited States _xBiography. _9230484 |
|
| 651 | 0 |
_aUnited States _xBiography. _9230485 |
|
| 700 |
_aHarrison, James L. , Compiler, _9230504 |
||
| 700 |
_aBeach, Paul C. , Assistant Compiller _9230505 |
||
| 830 |
_aEighty-first Congress, Second Session - - - House Document ; _vNo. 607 _9230497 |
||
| 942 |
_2ddc _cRAR |
||
| 999 |
_c43344 _d43344 |
||